[Event "Olympiad Women 2024"]
[Site "Budapest HUN"]
[Date "2024.09.16"]
[Round "6.21"]
[Board "1"]
[White "Shuqja, Klean"]
[Black "Koskela, Niina"]
[Result "1-0"]
[WhiteElo "2042"]
[BlackElo "2173"]
[PlyCount "201"]
[EventDate "2024.09.11"]
[WhiteTeam "Albania"]
[BlackTeam "Norway"]
[WhiteTeamCountry "ALB"]
[BlackTeamCountry "NOR"]

1. e4 e5 2. Nf3 Nc6 3. Bb5 a6 4. Ba4 Nf6 5. O-O Be7 6. Re1 b5 7. Bb3 d6 8. c3 O-O 9. h3 Nb8 10. d4 Nbd7 11. Nbd2 c5 12. Nf1 c4 13. Bc2 Re8 14. a4 Rb8 15. Ng3 g6 16. axb5 axb5 17. Be3 Bf8 18. d5 h5 $146 ({RR} 18... Qc7 19. Qd2 Nc5 20. Ra3 Bd7 21. Rea1 Na4 22. R3a2 Bg7 23. Nh4 Qd8 24. Bg5 Qe7 25. Qe3 Kh8 26. Rf1 Nc5 27. Ra7 Ra8 28. Rfa1 Rxa7 29. Rxa7 Qf8 30. Qf3 Ng8 31. Be3 Qe7 32. Nhf5 gxf5 33. Nxf5 {½-½ Goltsev,D (2199)-Balashov,Y (2431) Cheliabinsk Variation-A 2022 (1)}) ({RR} 18... Qc7 19. Qd2 Nc5 20. Ra3 Bd7 21. Bh6 Bxh6 22. Qxh6 Qd8 23. Nh4 Kh8 24. Nf3 Ng8 25. Qe3 Qf6 26. Ra7 Ra8 27. Rea1 Rxa7 28. Rxa7 Qf4 29. Qxf4 exf4 30. Ne2 Nf6 31. Nxf4 Nfxe4 32. h4 h6 33. g3 {0-1 Narva,M (2358)-Olde,M (2122) Helsinki U20 Girls 2019 (1)}) 19. Bg5 Be7 20. Qd2 Nh7 21. Be3 Qc7 22. Ra7 Rb7 23. Ra8 Nc5 24. Rea1 Bf8 25. Ng5 Nxg5 26. Bxg5 Bg7 27. Be3 Kh7 28. Ne2 Bd7 29. R8a3 Kg8 30. Ng3 Bf6 31. Kh2 Rc8 32. Kg1 Qd8 33. Bxc5 Rxc5 34. Ra6 Bg5 35. Qe1 Qe7 36. Ra7 Rcc7 37. Rxb7 Rxb7 38. Ra8+ Be8 39. Qa1 Kf8 40. Qa3 Qc7 41. Ra6 Be7 42. Nf1 Qd8 43. Ne3 Rb6 44. Ra8 Rb8 45. Ra6 Kg7 46. Bd1 Bf8 47. Ra7 Qf6 48. Qa5 Qd8 49. Qxd8 Rxd8 50. Nc2 Kg8 51. Rb7 Ra8 52. Na3 Bh6 53. Be2 Ra5 54. Kh2 Bc1 55. h4 Kf8 56. g4 hxg4 57. Bxg4 Bxb2 58. Nxc4 bxc4 59. Rxb2 Bb5 60. Rb4 Ke7 61. Kg3 Ba6 62. Rb6 Ra3 63. Kg2 Ra5 64. Rb4 f5 65. exf5 gxf5 66. Bxf5 Rxd5 67. Rb6 Bb5 68. Be4 Rc5 69. h5 d5 70. h6 dxe4 71. h7 Rc8 72. Rxb5 Kf6 73. Kf1 Kg7 74. Rxe5 Kxh7 75. Rxe4 Kg6 76. Ke2 Kf5 77. f3 Rc7 78. Ke3 Rc8 79. f4 Rc7 80. Re5+ Kf6 81. Kd4 Rc8 82. Rc5 Re8 83. Rxc4 Kf5 84. Kd3 Ra8 85. Rd4 Ra3 86. Kc4 Ra8 87. Kb3 Rb8+ 88. Kc2 Kg4 89. c4 Kf3 90. f5 Ke3 91. Rd5 Ke4 92. Kc3 Rb1 93. f6 Rc1+ 94. Kb4 Rb1+ 95. Ka5 Ra1+ 96. Kb6 Rc1 97. Kb5 Rb1+ 98. Kc6 Rf1 99. Rd6 Ke5 100. c5 Rf2 101. Kc7 1-0

[Event "Olympiad Women 2024"]
[Site "Budapest HUN"]
[Date "2024.09.16"]
[Round "6.22"]
[Board "2"]
[White "Rovira Contreras, Tairu Manuela"]
[Black "Ter-Avetisjana, Agnesa Stepania"]
[Result "1-0"]
[WhiteElo "2022"]
[BlackElo "2134"]
[PlyCount "101"]
[EventDate "2024.09.11"]
[WhiteTeam "Venezuela"]
[BlackTeam "Latvia"]
[WhiteTeamCountry "VEN"]
[BlackTeamCountry "LAT"]

1. d4 d5 2. c4 c6 3. Nc3 Nf6 4. Nf3 e6 5. e3 Nbd7 6. Qc2 Bd6 7. g4 h6 8. g5 hxg5 9. Nxg5 Nf8 $146 ({RR} 9... Rxh2 10. Rxh2 Bxh2 11. Bd2 Bd6 12. O-O-O dxc4 13. e4 b5 14. e5 Nxe5 15. dxe5 Bxe5 16. Bg2 Bd7 17. Rh1 Ke7 18. Nce4 Nd5 19. Nf3 Bf4 20. Bxf4 Nxf4 21. Qd2 Nd3+ 22. Kb1 f6 23. Rh7 Qf8 24. Qh6 {1-0 Jones,S (1798)-Robertson,D (1940) BCF-chT2 1011 (4NCL) North 2010 (2)}) ({RR} 9... Qe7 10. Bd2 dxc4 11. Bxc4 b5 12. Be2 Bb7 13. Bf3 Rc8 14. O-O-O Nd5 15. Nge4 Bb8 16. Kb1 c5 17. dxc5 b4 18. Nxd5 exd5 19. Bxb4 dxe4 20. Bg4 Bc6 21. Qc3 Be5 22. Qa3 Rb8 23. Bxd7+ Bxd7 24. b3 {0-1 Mamedyarov,S (2733)-Erigaisi,A (2778) FIDE World Rapid Team 2024 (4.13)}) ({RR} 9... Qe7 10. Bd2 dxc4 11. Bxc4 b5 12. Be2 Bb7 13. Bf3 Rc8 14. h4 Nd5 15. Nxd5 cxd5 16. Qd3 b4 17. e4 dxe4 18. Nxe4 Bxe4 19. Qxe4 Nf6 20. Qd3 Nd5 21. Bg5 Qd7 22. Kf1 Be7 23. Re1 Bxg5 24. hxg5 {½-½ Mamedyarov,S (2733)-Shankland,S (2669) Titled Tue 27th Aug Late 2024 (8)}) ({RR} 9... Rxh2 10. Rxh2 Bxh2 11. f4 Bg3+ 12. Kd1 Bh4 13. Nf3 Ne4 14. Nxe4 dxe4 15. Qxe4 Be7 16. Qh7 Bf8 17. Bd2 Qb6 18. b4 Nf6 19. Qc2 Bd7 20. Ne5 Rd8 21. Bd3 Bc8 22. Bg6 {1-0 Bozzali,E (2099)-Isella,L Milan Crespi op 27th 2006 (1)}) ({RR} 9... Ng4 10. f4 Be7 11. Nxe6 Bh4+ 12. Ke2 fxe6 13. Qg6+ Kf8 14. Qxg4 Nf6 15. Qf3 e5 16. h3 exd4 17. exd4 dxc4 18. Be3 Nd5 19. Kd2 b5 20. Bg2 Bb7 21. Bf2 Bf6 22. a3 Qd6 23. Nxd5 Qxd5 24. Rae1 {½-½ Silva,M (2091)-De Carvalho,M Rio de Janeiro Estadual op 2010 (4)}) 10. f4 Be7 11. Bd3 Ng4 12. h4 Nh6 13. b3 f6 14. Nf3 f5 15. Be2 Nf7 16. h5 g6 17. cxd5 exd5 18. Ne5 Nxe5 19. fxe5 Be6 20. Na4 Nd7 21. Bd2 Bh4+ 22. Kd1 Be7 23. Kc1 Ba3+ 24. Kd1 Qe7 25. Bc1 Bb4 26. a3 Ba5 27. b4 Bc7 28. b5 c5 29. dxc5 Bxe5 30. Bb2 Bxb2 31. Qxb2 d4 32. exd4 Nf6 33. Re1 O-O-O 34. Kc2 Ne4 35. Bf3 Qf6 36. Rad1 Bd5 37. Kb1 g5 38. Nc3 Nxc3+ 39. Qxc3 g4 40. Bxd5 Rxd5 41. Re5 Rhd8 42. Rxd5 Rxd5 43. Qb3 Rd8 44. c6 f4 45. d5 Qf5+ 46. Ka2 Rd6 47. h6 g3 48. Qc3 b6 49. Kb3 Rxh6 50. Qg7 Qh7 51. Qf8+ 1-0

[Event "Olympiad Women 2024"]
[Site "Budapest HUN"]
[Date "2024.09.16"]
[Round "6.22"]
[Board "4"]
[White "Perez Hernandez, Vicmary C."]
[Black "Vidruska, Renate"]
[Result "1/2-1/2"]
[WhiteElo "1960"]
[BlackElo "2035"]
[PlyCount "106"]
[EventDate "2024.09.11"]
[WhiteTeam "Venezuela"]
[BlackTeam "Latvia"]
[WhiteTeamCountry "VEN"]
[BlackTeamCountry "LAT"]

1. e4 e5 2. d4 exd4 3. Nf3 Nc6 4. Bc4 Nf6 5. e5 d5 6. Bb5 Ne4 7. Nxd4 Bd7 8. Bxc6 bxc6 9. O-O Bc5 10. f3 Ng5 11. f4 Ne4 12. Be3 Qb8 13. b3 Qb6 14. c3 a5 15. Qc1 O-O 16. Nd2 Bxd4 $146 ({RR} 16... Nxd2 17. Qxd2 f6 18. exf6 Rxf6 19. a3 Qa6 20. b4 Bb6 21. g3 Qc4 22. Nf3 Bh3 23. Ne5 Qa6 24. Rfe1 axb4 25. cxb4 d4 26. Bf2 c5 27. bxc5 Bxc5 28. Re2 Qb7 29. Bxd4 Rd6 30. Bxc5 Rxd2 31. Rxd2 {0-1 Hynes,A (2190)-Ledger,D (2261) BCF-chT1a 1011 (4NCL) 2010 (2.14)}) 17. Bxd4 c5 18. Be3 Bf5 19. Nxe4 Bxe4 20. Qb2 Qb5 21. Qf2 c4 22. bxc4 Qxc4 23. Bc5 Rfe8 24. Qd4 Qe2 25. Rf2 Qg4 26. Qe3 Qf5 27. Rd1 Ra6 28. Rb2 Rg6 29. Rdd2 h5 30. Rf2 Kh7 31. Bd4 h4 32. Kf1 Qg4 33. Qe2 Qf5 34. Qe3 Qg4 35. Qd2 h3 36. g3 Qf5 37. Qe3 a4 38. a3 Qh5 39. Ke1 Qf5 40. Kd2 Bg2 41. Kc1 f6 42. Rfe2 fxe5 43. Bxe5 Qf8 44. Rb4 c5 45. Rxa4 Be4 46. Rb2 Bf5 47. Ra7 d4 48. Qd2 Ra8 49. Rbb7 Rxa7 50. Rxa7 Qc8 51. Qe2 Bg4 52. Qe4 Bf5 53. Qe2 Bg4 1/2-1/2

[Event "Olympiad Women 2024"]
[Site "Budapest HUN"]
[Date "2024.09.16"]
[Round "6.23"]
[Board "1"]
[White "Alinasab, Mobina"]
[Black "Gomez Barrera, Javiera Belen"]
[Result "1-0"]
[WhiteElo "2336"]
[BlackElo "2123"]
[PlyCount "73"]
[EventDate "2024.09.11"]
[WhiteTeam "Iran"]
[BlackTeam "Chile"]
[WhiteTeamCountry "IRI"]
[BlackTeamCountry "CHI"]

1. e4 e5 2. Nf3 Nc6 3. Bb5 a6 4. Bxc6 dxc6 5. O-O Ne7 6. Nxe5 Qd4 7. Qh5 g6 8. Nf3 ({RR} 8. Qg5 Be6 9. Nc3 h6 10. Qg3 Bg7 11. Nf3 Qd7 12. d4 g5 13. Be3 f5 14. Ne5 Qd6 15. f4 O-O-O 16. fxg5 Qb4 17. gxh6 Bxh6 18. Bxh6 Rxh6 19. Rad1 Rg8 20. Qf4 Rh7 21. Nd3 Qxd4+ 22. Kh1 Rgh8 {0-1 Womacka,M (2360)-Dragnev,V (2566) Titled Tue 7th May Early 2024 (5)}) 8... Qxe4 9. Nc3 ({RR} 9. Qg5 h6 10. Qf6 Rg8 11. Nc3 Qf5 12. Qe5 Qxe5 13. Nxe5 f6 14. Nc4 Kf7 15. d3 g5 16. Bd2 Be6 17. Na5 b6 18. Nb3 Nf5 19. Ne4 c5 20. Bc3 Be7 21. Rae1 Rae8 22. Nbd2 h5 23. b3 a5 {0-1 Naiditsch,A (2689)-Leko,P (2752) Wch Blitz 4th 2009 (41)}) 9... Qf4 $146 ({RR} 9... gxh5 10. Nxe4 Bf5 11. Nf6+ Kd8 12. d3 Bg6 13. Bd2 Nd5 14. Bg5 Be7 15. Nxd5 cxd5 16. Bxe7+ Kxe7 17. Rfe1+ Kd6 18. Kf1 Rhe8 19. Rxe8 Rxe8 20. Re1 Rc8 21. Ke2 c5 22. Kd2 f6 23. c3 a5 24. Nh4 {1-0 Solak,D (2602)-Dimitrov,A (2318) EU-ch 13th Plovdiv 2012 (2)}) ({RR} 9... Qf5 10. Qh4 Bg7 11. d3 Qg4 12. Qg5 Qxg5 13. Bxg5 Be6 14. Ne4 h6 15. Bf6 Bxf6 16. Nxf6+ Kf8 17. Nd4 Kg7 18. Nxe6+ Kxf6 19. Nc5 b6 20. Ne4+ Kg7 21. d4 Rhe8 22. Rfe1 Nf5 23. c3 Re7 24. f3 {½-½ Diakonova,E (2028)-Grigorjev,I (2181) Voronezh op-A 18th 2014 (9)}) ({RR} 9... Qf5 10. Qh4 Qxc2 11. Qf6 Rg8 12. Qe5 Bg4 13. Qxc7 f6 14. Re1 Kf7 15. Nd5 Qc5 16. Nxf6 Bxf3 17. d4 Qxd4 18. Nxg8 Kxg8 19. gxf3 Nf5 20. Be3 Qd5 21. Rad1 Qxf3 22. Qf4 Qh3 23. Qc4+ Kh8 24. Bd4+ {1-0 Kelleher,W (2310)-Parry,M (2221) USA-chT Amateur East 2013 (6)}) 10. d3 Qd6 11. Qh4 Nf5 12. Qe4+ Be7 13. Bf4 Qd8 14. Qe5 f6 15. Qxc7 g5 16. Qxd8+ Kxd8 17. Be3 Kc7 18. Nd4 Nxd4 19. Bxd4 Bf5 20. Rae1 Rae8 21. Rxe7+ Rxe7 22. Bxf6 Rhe8 23. Bxe7 Rxe7 24. f4 gxf4 25. Rxf4 Bg6 26. Kf2 Re5 27. g4 h5 28. h3 hxg4 29. hxg4 c5 30. Rf6 Be8 31. Ne4 Bd7 32. Kf3 c4 33. g5 cxd3 34. cxd3 Rd5 35. Ke3 Rb5 36. b3 Re5 37. g6 1-0

[Event "Olympiad Women 2024"]
[Site "Budapest HUN"]
[Date "2024.09.16"]
[Round "6.23"]
[Board "4"]
[White "Morales Flores, Monserrat"]
[Black "Hamedi Nia, Vesal"]
[Result "0-1"]
[WhiteElo "1938"]
[BlackElo "1986"]
[PlyCount "78"]
[EventDate "2024.09.11"]
[WhiteTeam "Chile"]
[BlackTeam "Iran"]
[WhiteTeamCountry "CHI"]
[BlackTeamCountry "IRI"]

1. e4 {Gershon,Alik} e6 2. d4 d5 3. exd5 exd5 4. Nf3 Bd6 5. Bd3 Ne7 6. O-O Nbc6 7. c4 dxc4 8. Bxc4 O-O 9. Be3 $146 ({RR} 9. h3 h6 ({RR} 9... Bf5 10. Nc3 Qd7 11. Re1) 10. Nc3 Bf5 11. Be3 Ng6 12. Qd2 a6 13. d5 Nce5 14. Nxe5 Nxe5 15. Be2 Qh4 16. Qd4 Qxd4 17. Bxd4 Ng6 18. Bf3 Rfe8 19. Rfe1 Nf4 20. Rxe8+ Rxe8 21. Rd1 Nd3 22. b3 Nb4 23. Be3 Nc2 {0-1 Haddouche,M (2505)-Bauer,C (2630) Rabat Blitz Marathon 5th 2014 (3)}) ({RR} 9. h3 Be6 10. Bxe6 fxe6 11. Nc3 ({RR} 11. Qb3 Qc8 12. Re1 Nd5 13. Nc3 Rxf3 14. gxf3 Nxd4 15. Qd1 e5 16. Nxd5 Qxh3 17. Re3 e4 18. f4 Nf3+ 19. Rxf3 exf3 20. Qf1 Qg4+ 21. Kh2 Qh5+ 22. Qh3 Qxd5) 11... Qe8 12. Re1 Qg6 13. Re4 ({RR} 13. d5 exd5 14. Nxd5 Nxd5 15. Qxd5+ Kh8) 13... Rae8 14. Qe2 Nd5 15. Rg4 ({RR} 15. Ne5 Nxe5 16. dxe5 Bc5) 15... Qf5 16. Bh6 ({RR} 16. Be3 Nxe3 17. fxe3 e5 18. d5 ({RR} 18. e4 Qf7 19. d5 Nd4 20. Nxd4 exd4 21. Nb5 Be5) 18... e4 19. dxc6 exf3 20. Qxf3 Qxf3 21. gxf3 Rxf3 22. cxb7 Rxh3) 16... Rf7 17. Nh4 ({RR} 17. Ne4 Bf4) ({RR} 17. Nd1 e5 ({RR} 17... Bf4 18. Ne3 Qh5 19. Nxd5 Bxh6 20. Ne5) 18. Ne3 Nxd4 19. Nxd4 exd4 20. Nxf5 Rxe2 21. Rxg7+ ({RR} 21. Nxd6 cxd6 22. Rxd4 Rfxf2) 21... Rxg7 22. Bxg7 d3 23. Bd4 Be5 24. Rd1 Bxd4 25. Nxd4 Rxb2 26. Rxd3 Rxa2 27. Ne6 Re2 ({RR} 27... c6 28. Rf3 h6 29. Rf8+ Kh7 30. Rf7+ Kg6 31. Rxb7) 28. Rxd5 Rxe6) 17... Nxc3 ({RR} 17... Qf6 18. Bxg7 Rxg7 19. Nxd5) 18. bxc3 Qa5 19. Bd2 e5 20. Nf3 Ree7 21. d5 ({RR} 21. dxe5 Nxe5 ({RR} 21... Rxf3 22. Qxf3 Nxe5 23. Qxb7 Nxg4 24. Qc8+ Kf7 25. Qxg4) 22. Nxe5 Bxe5 23. Re4 Bf6) 21... Qxd5 22. c4 Qc5 23. Ng5 ({RR} 23. Rb1 b6 24. Rb5 Qa3) 23... Rf5 {0-1 Polgar,J (2645)-Kramnik,V (2740) Dos Hermanas 1997 (6)}) ({RR} 9. Nc3 h6 10. Re1 Bg4 11. d5 Bxf3 12. gxf3 Ne5 13. Bf1 N5g6 14. Qd3 c6 15. Rd1 cxd5 16. Nxd5 Nxd5 17. Qxd5 Be5 18. Qxd8 Rfxd8 19. Be3 b6 20. Rdb1 Rac8 21. a4 Rc2 22. a5 Rxb2 23. Rxb2 Bxb2 {½-½ Kosteniuk,A (2501)-Tabuenca Mendataurigoitia,D (2360) Titled Tue 7th May Early 2024 (7)}) ({RR} 9. h3 Nf5 10. d5 Ne5 11. Nxe5 Bxe5 12. Re1 Qf6 13. Nc3 Bxc3 14. bxc3 Qxc3 15. Qe2 Nd4 16. Qd2 Qxd2 17. Bxd2 Nc2 18. Bf4 Nxa1 19. Rxa1 c6 20. d6 Bd7 21. Be2 Rfe8 22. Bf3 Rac8 23. a3 b6 {0-1 Miljutin,O (2167)-Korniyuk,M (2009) Ilichevsk Sunny Pawn op 2008 (5)}) ({RR} 9. h3 h6 10. Nc3 Bf5 11. Re1 Ng6 12. Ne4 Re8 13. Nxd6 Rxe1+ 14. Qxe1 Qxd6 15. Qc3 Be4 16. b3 Re8 17. Bb2 Bd5 18. Rd1 Nf4 19. Rd2 Qg6 20. Nh4 Re1+ 21. Kh2 Qe4 22. Bxd5 Nxd5 23. Nf3 Nxc3 {0-1 Citadini,D-Dauer,A (1970) Braco do NorteTSC 2008 (2)}) 9... Bg4 10. Bd3 Nf5 11. h3 Bxf3 12. Qxf3 Ncxd4 13. Bxd4 Nxd4 14. Qxb7 Rb8 15. Qe4 f5 16. Qd5+ Kh8 17. Kh1 Qf6 18. Nd2 Rxb2 19. Nb3 Ne6 20. Bc4 Nf4 21. Qf3 Ng6 22. Bd5 Qe5 23. g3 f4 24. Rae1 Qg5 25. g4 Qh4 26. Nd4 Ne5 27. Qg2 Nd3 28. Nf3 Nxf2+ 29. Rxf2 Qxf2 30. Qxf2 Rxf2 31. Ng5 h6 32. Nf7+ Kh7 33. g5 f3 34. Kg1 Rg2+ 35. Kf1 Bc5 36. g6+ Kxg6 37. Ne5+ Kh7 38. Be4+ g6 39. Nxf3 Rf2+ 0-1

[Event "Olympiad Women 2024"]
[Site "Budapest HUN"]
[Date "2024.09.16"]
[Round "6.24"]
[Board "1"]
[White "Narva, Mai"]
[Black "Lindiawati, Evi"]
[Result "1-0"]
[WhiteElo "2420"]
[BlackElo "1940"]
[PlyCount "97"]
[EventDate "2024.09.11"]
[WhiteTeam "Estonia"]
[BlackTeam "Indonesia"]
[WhiteTeamCountry "EST"]
[BlackTeamCountry "INA"]

1. e4 d5 2. exd5 Qxd5 3. Nc3 Qd6 4. d4 a6 5. Nf3 Nf6 6. g3 Bg4 7. Bg2 Nc6 8. d5 Ne5 9. O-O O-O-O 10. Bf4 Nxf3+ 11. Bxf3 Bxf3 12. Qxf3 e5 13. dxe6 Qxe6 14. Rfe1 ({RR} 14. Bg5 Bd6 15. Rae1 Be5 16. Na4 Rhe8 17. Nc5 Qd5 18. Qxd5 Rxd5 19. Bxf6 gxf6 20. Nd3 Re6 21. Re4 Bd6 22. Rfe1 Kd7 23. Kf1 h5 24. Rh4 b5 25. a4 c5 26. axb5 axb5 27. b3 Rxe1+ 28. Kxe1 Be5 {1-0 Hracek,Z (2629)-Tomczak,J (2541) POL-chT Wroclaw 2011 (4.1)}) 14... Qf5 15. Re5 Qh3 16. Re2 Qh5 $146 ({RR} 16... Bb4 17. Bg5 Rd6 18. Ne4 Re6 19. Nxf6 gxf6 20. Rxe6 Qxe6 21. Qxf6 Re8 22. Rd1 Bd6 23. Qxe6+ fxe6 24. b3 b5 25. Rd4 Rf8 26. Be3 h5 27. Kg2 Rf5 28. a4 Kd7 29. Re4 Ke7 30. f3 Bc5 31. g4 {1-0 Guerrero Rodriguez,A (2057)-Olejarczyk,B (2132) Warsaw-ch opA 65th 2012 (5)}) ({RR} 16... Ng4 17. Qg2 Qxg2+ 18. Kxg2 Bd6 19. Bxd6 Rxd6 20. h3 Nf6 21. Rae1 Rhd8 22. Re7 R8d7 23. Kf3 Rxe7 24. Rxe7 Rd7 25. Rxd7 Kxd7 26. Ne4 Nxe4 27. Kxe4 Ke6 28. f4 f5+ {½-½ Webb,R (2243)-Calvert,D (1886) BCF-chT4S 1718 (4NCL) 2017 (8.12)}) ({RR} 16... h5 17. Qg2 Qf5 18. Re5 Qh7 19. Nd5 Bd6 20. Nxf6 gxf6 21. Qh3+ Kb8 22. Rf5 Bxf4 23. Rxf4 Qxc2 24. Qf5 Qxb2 25. Rb1 Qe2 26. Qxf6 Rd1+ 27. Rxd1 Qxd1+ 28. Kg2 Qd5+ 29. Kh3 Qe6+ 30. Qxe6 fxe6 31. Re4 {½-½ Arnott,J (2176)-Kantans,T (2342) Gibraltar Masters 9th 2011 (8)}) 17. Qxh5 Nxh5 18. Bg5 f6 19. Bd2 Bd6 20. Ne4 f5 21. Ng5 h6 22. Nf7 Rde8 23. Rae1 Rxe2 24. Rxe2 Rf8 25. Nxd6+ cxd6 26. Re7 g5 27. Bb4 Rf6 28. Bc3 Rg6 29. Rf7 Re6 30. Rxf5 Kd7 31. Kg2 Ke7 32. Kf3 Rg6 33. Kg4 Ng7 34. Bxg7 Rxg7 35. Kh5 Ke6 36. g4 Rc7 37. c3 Rc4 38. h3 b5 39. Kxh6 b4 40. Kxg5 bxc3 41. bxc3 Rxc3 42. h4 d5 43. h5 d4 44. h6 Rh3 45. Rf8 Ke7 46. Rf4 d3 47. Kg6 Rh4 48. Rd4 d2 49. f3 1-0

[Event "Olympiad Women 2024"]
[Site "Budapest HUN"]
[Date "2024.09.16"]
[Round "6.24"]
[Board "4"]
[White "Adeline, Clementia"]
[Black "Olde, Grete"]
[Result "1/2-1/2"]
[WhiteElo "1550"]
[BlackElo "1952"]
[PlyCount "75"]
[EventDate "2024.09.11"]
[WhiteTeam "Indonesia"]
[BlackTeam "Estonia"]
[WhiteTeamCountry "INA"]
[BlackTeamCountry "EST"]

1. d4 d5 2. c4 e6 3. Nc3 Nf6 4. cxd5 exd5 5. Bg5 Be7 6. e3 O-O 7. Bd3 Re8 8. Nge2 c6 9. Qc2 Nbd7 10. O-O h6 11. Bh4 Ne4 12. Bxe7 Qxe7 13. Bxe4 dxe4 14. Ng3 Nf6 15. Rae1 h5 16. f3 exf3 17. Rxf3 Bg4 18. Rff1 c5 $146 ({RR} 18... Rad8 19. a3 c5 20. dxc5 Qxc5 21. Qf2 Re7 22. h3 Bd7 23. Nf5 Bxf5 24. Qxf5 Qxf5 25. Rxf5 Rd2 26. Rf2 Rxf2 27. Kxf2 Ne4+ 28. Nxe4 Rxe4 29. Rc1 Re7 30. Kf3 f5 31. h4 Kf7 32. Rc8 g6 33. Rd8 {1-0 Golikov,D (1995)-Bregman,I (1695) RUS-chT U18 St Petersburg 2015 (8.50)}) ({RR} 18... Rad8 19. Qf2 Be6 20. Qf4 Nd5 21. Nxd5 Rxd5 22. e4 Rxd4 23. Qe5 Rc4 24. Qxh5 Qc5+ 25. Qxc5 Rxc5 26. b3 Ra5 27. Rf2 Rd8 28. h4 Rc5 29. Kh2 Rc3 30. h5 Rcd3 31. e5 Rd2 32. Ree2 Rxe2 33. Rxe2 {1-0 Kashlinskaya,A (2447)-Nasyrova,E (2049) RUS-ch rapid (Women) 2018 (1.6)}) 19. d5 b5 20. e4 b4 21. Nd1 Qe5 22. Nf2 h4 23. Ne2 Bxe2 24. Rxe2 Nxd5 25. Kh1 Nf4 26. Ng4 Qg5 27. Ref2 Nh5 28. Qe2 Qg6 29. e5 Re7 30. Rf5 Rae8 31. Rxh5 c4 32. Rff5 c3 33. Rhg5 Qc6 34. Nf6+ Kf8 35. Nh7+ Kg8 36. Nf6+ Kf8 37. Nh7+ Kg8 38. Nf6+ 1/2-1/2

[Event "Olympiad Women 2024"]
[Site "Budapest HUN"]
[Date "2024.09.16"]
[Round "6.25"]
[Board "1"]
[White "Cvitan, Ena"]
[Black "Tan, Li Ting"]
[Result "0-1"]
[WhiteElo "2259"]
[BlackElo "2037"]
[PlyCount "80"]
[EventDate "2024.09.11"]
[WhiteTeam "Croatia"]
[BlackTeam "Malaysia"]
[WhiteTeamCountry "CRO"]
[BlackTeamCountry "MAS"]

1. d4 Nf6 2. c4 e6 3. Nc3 Bb4 4. e3 O-O 5. Nge2 d5 6. a3 Be7 7. cxd5 exd5 8. Nf4 c6 9. Bd3 Re8 10. O-O Nbd7 11. f3 Nf8 12. Bd2 Ng6 ({RR} 12... Ne6 13. Nxe6 Bxe6 14. Qe1 c5 15. Qf2 cxd4 16. exd4 Nd7 17. Ne2 Nb6 18. Nf4 Qd7 19. Nxe6 Qxe6 20. Rfe1 Qd7 21. Bf4 Nc4 22. b3 Na5 23. Bc2 g6 24. h4 Nc6 25. b4 Bf6 26. Rxe8+ Rxe8 27. Rd1 {½-½ Caruana,F (2804)-So,W (2757) American Cup Elim 2024 (3.1)}) ({RR} 12... Bd6 13. Kh1 Ng6 14. Nxg6 hxg6 15. e4 dxe4 16. fxe4 Bc7 17. Be3 Ng4 18. Qf3 Nxe3 19. Qxe3 Be6 20. e5 Bb6 21. Ne2 Qd5 22. Rac1 Rad8 23. Rf4 Qb3 24. Qd2 c5 25. Rf3 cxd4 26. Nf4 Qa4 27. Nxe6 {1-0 Deuer,M (2435)-Paszewski,M (2349) III Janos Rigo Mem GM 2024 (7.3)}) 13. Nfe2 c5 14. Be1 $146 ({RR} 14. Rc1 b6 15. Be1 Bf8 16. Bf2 Bb7 17. Qd2 Qd7 18. g4 cxd4 19. exd4 a6 20. Bf5 Qd8 21. h4 Bd6 22. h5 Nf8 23. Nf4 h6 24. Bh4 Qb8 25. Nd3 N8h7 26. Rfe1 Rxe1+ 27. Rxe1 Qc7 28. Kg2 Rf8 {1-0 Gupta,A (2613)-Almasi,Z (2684) Gibraltar Masters 14th 2016 (5)}) ({RR} 14. Rc1 b6 15. Be1 Bb7 16. Bf2 a6 17. g4 Bd6 18. Qd2 h6 19. Bg3 Rc8 20. Rce1 Rc7 21. Bxg6 fxg6 22. Nf4 Bxf4 23. Bxf4 Rce7 24. Be5 g5 25. h3 Rxe5 26. dxe5 Rxe5 27. Ne2 a5 28. Ng3 a4 {½-½ Radovanovic,N (2411)-Cvitan,O (2502) EU-Cup 32nd Novi Sad 2016 (3.2)}) 14... a6 15. Bf2 cxd4 16. Nxd4 Ne5 17. Rc1 Bc5 18. Bh4 Be7 19. Re1 Be6 20. Bb1 Rc8 21. Qb3 b5 22. Rcd1 Nc4 23. Kh1 Qb6 24. Qc2 g6 25. e4 Nxe4 26. fxe4 Bxh4 27. exd5 Bxe1 28. dxe6 Bxc3 29. exf7+ Kxf7 30. bxc3 Ne3 31. Qb3+ Kg7 32. Re1 Qb7 33. Re2 Qd5 34. Qb2 Nc4 35. Qa2 Re5 36. Bd3 Rce8 37. a4 Rxe2 38. Bxe2 Ne3 39. Qxd5 Nxd5 40. axb5 Nxc3 0-1

[Event "Olympiad Women 2024"]
[Site "Budapest HUN"]
[Date "2024.09.16"]
[Round "6.25"]
[Board "4"]
[White "Nithyalakshmi, Sivanesan"]
[Black "Vujnovic, Patricija"]
[Result "1/2-1/2"]
[WhiteElo "1912"]
[BlackElo "2134"]
[PlyCount "84"]
[EventDate "2024.09.11"]
[WhiteTeam "Malaysia"]
[BlackTeam "Croatia"]
[WhiteTeamCountry "MAS"]
[BlackTeamCountry "CRO"]

1. e4 c6 2. d4 d5 3. Nc3 dxe4 4. Nxe4 Bf5 5. Nc5 e5 6. Nb3 ({RR} 6. Nxb7 Qb6 7. Nc5 Bxc5 8. dxc5 Qxc5 9. c3 Nf6 10. Nf3 O-O 11. Be2 Nbd7 12. O-O Rfd8 13. Qa4 Nb6 14. Qh4 Nbd5 15. Qg5 Ne7 16. Qe3 Qxe3 17. Bxe3 Ng6 18. Rfd1 Nd5 19. Bc5 Rdb8 20. Rd2 f6 {0-1 Svidler,P (2734)-Nielsen,P (2700) Copenhagen KO blitz 2010 (1.2)}) 6... exd4 ({RR} 6... e4 7. Ne2 Nf6 8. Ng3 Bg6 9. h4 h5 10. Bg5 Bd6 11. Qd2 a5 12. a4 Nbd7 13. Be2 Qc7 14. Nf1 Nd5 15. Ne3 f6 16. Nxd5 cxd5 17. Be3 f5 18. Nc5 Nf8 19. Bb5+ Kf7 20. c4 f4 21. O-O {0-1 Pitra,A (2276)-Doluweera,M (2129) Asian Hybrid 2021 (8)}) 7. Nxd4 Bg6 8. c3 $146 ({RR} 8. Ngf3 Bd6 9. Bc4 Ne7 10. Qe2 O-O 11. Bg5 Qa5+ 12. Bd2 Qc7 13. h4 b5 14. h5 bxc4 15. hxg6 Nxg6 16. O-O-O Nd7 17. Qxc4 Nb6 18. Qxc6 Qb8 19. Nf5 Be5 20. Qb5 Bf6 21. Bg5 Bxg5+ 22. Nxg5 Qf4+ {1-0 Dzhumaev,M (2492)-Navalgund,N (2161) Mumbai Mayors Cup 4th 2011 (2)}) ({RR} 8. Ngf3 Nd7 9. Bd3 Qc7 10. Qe2+ Be7 11. O-O O-O-O 12. Nf5 Nc5 13. Nxe7+ Nxe7 14. Bxg6 hxg6 15. g3 Nd5 16. Qc4 Ne6 17. b4 Rh5 18. Re1 Qd6 19. a3 Rdh8 20. Bb2 b5 21. Qb3 Ng5 22. Nxg5 Rxg5 {1-0 Svidinsky,D (2172)-Zhukov,D (1945) Chigorin Memorial 18th 2010 (8)}) ({RR} 8. Ngf3 Bc5 9. Bc4 Ne7 10. c3 O-O 11. O-O Nd7 12. b4 Bxd4 13. cxd4 Nb6 14. Be2 Nbd5 15. Qb3 Qd6 16. b5 Nf4 17. Bc4 Bh5 18. g3 Bxf3 19. Qxf3 Nfg6 20. Rd1 cxb5 21. Bxb5 Qd5 22. Qb3 Qxb3 {1-0 Dumas Aviles,A (2231)-Von Dessauer Orellana,D (2014) Santiago Endesa 05 2008 (3)}) 8... Nf6 9. Ngf3 Bc5 10. Bc4 O-O 11. O-O Nbd7 12. Bf4 Ne4 13. Bd3 Qf6 14. Be3 Bb6 15. Bc2 Ndc5 16. Nd2 Rfe8 17. N2f3 Rad8 18. Qb1 h6 19. a4 Bc7 20. Rd1 Bh5 21. Qa2 Ng5 22. Bxg5 hxg5 23. h3 g4 24. hxg4 Bxg4 25. Re1 g6 26. Rxe8+ Rxe8 27. Qc4 Ne6 28. Nxe6 Bxe6 29. Qd4 Qxd4 30. Nxd4 Bd5 31. Bd3 c5 32. Nb5 Bb8 33. a5 a6 34. Na3 Rd8 35. Be2 Bb3 36. Nc4 Bc7 37. g3 Kg7 38. Ra3 Bc2 39. Bf3 Bd3 40. Ne3 Re8 41. Kg2 g5 42. Rb3 Bxa5 1/2-1/2